[Event "Split op 6th"]
[Site "Split"]
[Date "2016.08.19"]
[Round "8"]
[White "Kiselev, Pavel"]
[Black "Franca, Veronika"]
[Result "1-0"]
[WhiteElo "2295"]
[BlackElo "1991"]
[PlyCount "59"]
[EventDate "2016.08.13"]
[EventType "swiss"]
[EventRounds "9"]
[EventCountry "CRO"]
[SourceTitle "CBM 173 Extra"]
[Source "ChessBase"]
[SourceDate "2016.08.29"]
[SourceVersion "1"]
[SourceVersionDate "2016.08.29"]
[SourceQuality "1"]

1. d4 Nf6 2. Nf3 e6 3. Bf4 c5 4. c3 Nc6 5. e3 d5 6. Nbd2 Be7 7. Bd3 0-0 8. Ne5 Nd7 9. Qh5 g6 10. Qh6 Ncxe5 11. dxe5 Re8 12. Nf3 Bf8 13. Qh3 Bg7 14. Qg3 Qb6 15. 0-0-0 c4 16. Bb1 Qc5 17. h4 h5 18. Ng5 Re7 19. e4 Qa5 20. exd5 exd5 21. e6 fxe6 22. Bd6 Re8 23. Bxg6 Nf6 24. Bf7+ Kh8 25. Bxe8 Nxe8 26. Be5 Bxe5 27. Qxe5+ Ng7 28. Rh3 Bd7 29. Rg3 Rg8 30. Nf7+ 1-0

[Event "SLO-chT (Women)"]
[Site "Domzale"]
[Date "2016.04.15"]
[Round "6.3"]
[White "Franca, Veronika"]
[Black "Skuhala, Barbara"]
[Result "1/2-1/2"]
[WhiteElo "1988"]
[BlackElo "1931"]
[PlyCount "80"]
[EventDate "2016.04.01"]
[EventType "team-tourn"]
[EventRounds "7"]
[EventCountry "SLO"]
[SourceTitle "EXT 2019"]
[Source "ChessBase"]
[SourceDate "2018.10.10"]
[SourceVersion "1"]
[SourceVersionDate "2018.10.10"]
[SourceQuality "1"]
[WhiteTeam "Maribor ZSK (W)"]
[BlackTeam "Pomgrad Radenska (W)"]
[WhiteTeamCountry "SLO"]
[BlackTeamCountry "SLO"]

1. d4 Nf6 2. c4 e6 3. Nc3 Bb4 4. e3 Bxc3+ 5. bxc3 c5 6. Bd3 d6 7. Nf3 Nc6 8. e4 h6 9. 0-0 0-0 10. h3 e5 11. Be3 b6 12. d5 Na5 13. Nd2 Ba6 14. Qe2 Re8 15. Rfe1 Nh7 16. Qg4 Nf6 17. Qg3 Nh5 18. Qf3 Nf6 19. g4 Nh7 20. Qg3 Qd7 21. a4 Bc8 22. f4 f6 23. f5 Ba6 24. h4 Qe7 25. Re2 Kf7 26. Rg2 Rh8 27. Qf3 Rag8 28. Kf2 Qe8 29. Qe2 Ke7 30. Nf3 Kf8 31. Qa2 Qf7 32. Rag1 Ke8 33. Ke1 Bc8 34. Kd2 Ba6 35. Kc1 Bc8 36. Kb2 Ba6 37. Ka3 Bc8 38. Qe2 Ba6 39. Qa2 Bc8 40. Qe2 Ba6 1/2-1/2

[Event "SLO-ch U18 Girls"]
[Site "Bled"]
[Date "2015.02.27"]
[Round "7"]
[White "Franca, Veronika"]
[Black "Kroselj, Lucija"]
[Result "1/2-1/2"]
[WhiteElo "1916"]
[BlackElo "1564"]
[PlyCount "72"]
[EventDate "2015.02.21"]
[EventType "tourn"]
[EventRounds "7"]
[EventCountry "SLO"]
[SourceTitle "EXT 2023"]
[Source "ChessBase"]
[SourceDate "2022.10.05"]
[SourceVersion "1"]
[SourceVersionDate "2022.10.05"]
[SourceQuality "1"]

1. d4 d5 2. c4 Nf6 3. Nc3 e6 4. cxd5 exd5 5. Bg5 Be7 6. e3 b6 7. Bd3 Bb7 8. Nge2 Nbd7 9. 0-0 0-0 10. Qc2 h6 11. Bh4 Rc8 12. Rad1 Ne4 13. Bxe7 Qxe7 14. Nf4 Nxc3 15. Qxc3 Nf6 16. Bf5 Rcd8 17. Rc1 c6 18. Rfe1 Rfe8 19. Bb1 Ne4 20. Qc2 Rc8 21. f3 Nf6 22. Nd3 Qd6 23. Qa4 Qc7 24. b4 Ra8 25. b5 Rac8 26. bxc6 Bxc6 27. Qa3 Qd7 28. Ne5 Qb7 29. Bf5 Bd7 30. Bd3 b5 31. Qb4 a6 32. Qd6 Re6 33. Qb4 Ree8 34. Qd6 Re6 35. Qb4 Ree8 36. Qd6 Re6 1/2-1/2

[Event "EU-ch U18 Girls 24th"]
[Site "Batumi"]
[Date "2014.10.22"]
[Round "4"]
[White "Franca, Veronika"]
[Black "Sen, Beril Berfin"]
[Result "1-0"]
[WhiteElo "2006"]
[BlackElo "1619"]
[PlyCount "71"]
[EventDate "2014.10.19"]
[EventType "swiss"]
[EventRounds "9"]
[EventCountry "GEO"]
[SourceTitle "EXT 2015"]
[Source "ChessBase"]
[SourceDate "2014.11.20"]
[SourceVersion "1"]
[SourceVersionDate "2014.11.20"]
[SourceQuality "1"]

1. d4 d5 2. c4 e6 3. cxd5 exd5 4. Nc3 Nf6 5. Bg5 Be7 6. e3 c6 7. Qc2 Nbd7 8. Bd3 0-0 9. Nge2 Re8 10. 0-0 Nf8 11. f3 h6 12. Bh4 Ne6 13. Rad1 b6 14. Bf2 Bb7 15. Kh1 Qc7 16. Bg1 c5 17. Qd2 c4 18. Bb1 Bc6 19. e4 b5 20. exd5 Nxd5 21. Nxd5 Bxd5 22. Nc3 Nf4 23. Be3 Bg5 24. Bxf4 Bxf4 25. Nxd5 Bxd2 26. Nxc7 Bf4 27. Nxa8 Rxa8 28. g3 Bd6 29. Rfe1 a5 30. Be4 Rb8 31. Bc6 Kh7 32. Re8 Rb6 33. Be4+ g6 34. Bd5 Kg7 35. Ra8 a4 36. Ra7 1-0

[Event "SLO-chT1 West"]
[Site "Ljubljana"]
[Date "2014.10.03"]
[Round "1"]
[White "Franca, Veronika"]
[Black "Bulatovic, Milorad"]
[Result "1/2-1/2"]
[WhiteElo "2006"]
[BlackElo "1911"]
[PlyCount "90"]
[EventDate "2014.10.03"]
[EventType "team-tourn"]
[EventRounds "9"]
[EventCountry "SLO"]
[SourceTitle "EXT 2019"]
[Source "ChessBase"]
[SourceDate "2018.10.10"]
[SourceVersion "1"]
[SourceVersionDate "2018.10.10"]
[SourceQuality "1"]
[WhiteTeam "Val Koper"]
[BlackTeam "Stari Mayr Kranj"]
[WhiteTeamCountry "SLO"]
[BlackTeamCountry "SLO"]

1. d4 d5 2. c4 c6 3. cxd5 cxd5 4. Nc3 Nf6 5. Nf3 Nc6 6. Bf4 a6 7. Rc1 e6 8. e3 Bd6 9. Bxd6 Qxd6 10. Bd3 Bd7 11. 0-0 b5 12. Bb1 Rc8 13. Ne2 0-0 14. Nf4 Rfd8 15. Nd3 Be8 16. Nc5 Rc7 17. Nxa6 Ra7 18. Nc5 Ne7 19. Ne5 Ng6 20. f4 Ne7 21. g4 g6 22. Qe1 Nd7 23. Nexd7 Bxd7 24. Qh4 f5 25. g5 Be8 26. Qf2 Nc8 27. Nd3 Nb6 28. b3 Nd7 29. Qd2 h6 30. h4 Nf8 31. Kg2 Rh7 32. Qb4 Qb8 33. Ne5 h5 34. Rc5 Rc7 35. Rfc1 Rxc5 36. Rxc5 Qa8 37. Rc7 Rc8 38. Qc5 Rxc7 39. Qxc7 Qa3 40. Kf2 Qb2+ 41. Qc2 Qa3 42. Kf3 Qa5 43. Qc8 Qe1 44. Qxe8 Qf1+ 45. Kg3 Qg1+ 1/2-1/2

[Event "Trieste op 16th"]
[Site "Trieste"]
[Date "2014.09.02"]
[Round "5"]
[White "Franca, Veronika"]
[Black "Makka, Ioulia"]
[Result "1-0"]
[WhiteElo "1952"]
[BlackElo "2124"]
[PlyCount "85"]
[EventDate "2014.08.30"]
[EventType "swiss"]
[EventRounds "9"]
[EventCountry "ITA"]
[SourceTitle "CBM 162 Extra"]
[Source "ChessBase"]
[SourceDate "2014.10.17"]
[SourceVersion "1"]
[SourceVersionDate "2014.10.17"]
[SourceQuality "1"]

1. d4 Nf6 2. c4 e6 3. Nc3 Bb4 4. e3 0-0 5. Bd3 d5 6. cxd5 exd5 7. Bd2 Re8 8. Nge2 Nbd7 9. 0-0 Nf8 10. Rc1 c6 11. f3 Ne6 12. a3 Ba5 13. Bb1 Bc7 14. Qc2 a6 15. Rfd1 Qd6 16. Ng3 g6 17. Be1 Ng7 18. e4 dxe4 19. fxe4 Bb6 20. Nce2 Bg4 21. Bf2 Qe7 22. h3 Bxe2 23. Qxe2 h5 24. e5 Nh7 25. Qc4 Ne6 26. Ne4 Bc7 27. Rf1 Rad8 28. Ba2 Rd7 29. Be3 Qd8 30. b4 Ree7 31. Nc5 Nxc5 32. bxc5 Kg7 33. Rf3 Qe8 34. Rcf1 Bd8 35. Bc1 b5 36. cxb6 Bxb6 37. Qxc6 Ba7 38. Rxf7+ Kh8 39. Qxg6 Rxf7 40. Rxf7 Rxf7 41. Qxf7 Qb8 42. Kh1 Bb6 43. Bh6 1-0

[Event "Nova Gorica op-A 19th"]
[Site "Nova Gorica"]
[Date "2014.02.06"]
[Round "9"]
[White "Kodric, Tilen"]
[Black "Franca, Veronika"]
[Result "1-0"]
[WhiteElo "1683"]
[BlackElo "1954"]
[PlyCount "83"]
[EventDate "2014.01.31"]
[EventType "swiss"]
[EventRounds "9"]
[EventCountry "SLO"]
[SourceTitle "CBM 158 Extra"]
[Source "ChessBase"]
[SourceDate "2014.02.28"]
[SourceVersion "1"]
[SourceVersionDate "2014.02.28"]
[SourceQuality "1"]

1. e4 c5 2. Nf3 d6 3. d4 cxd4 4. Nxd4 Nf6 5. Nc3 g6 6. Be3 Bg7 7. f3 Nc6 8. Qd2 0-0 9. Bc4 Bd7 10. h4 Qa5 11. Bb3 Rfc8 12. Nde2 Ne5 13. 0-0-0 Nc4 14. Bxc4 Rxc4 15. Bh6 Bh8 16. h5 Rac8 17. hxg6 hxg6 18. Bg5 Bg7 19. Bh6 Bh8 20. e5 Nh7 21. f4 Bg4 22. Kb1 Bxe2 23. Qxe2 dxe5 24. Nd5 Bf6 25. fxe5 Rxc2 26. Rd2 Rxd2 27. Qxd2 Qxd2 28. Bxd2 Rd8 29. exf6 Rxd5 30. fxe7 Re5 31. Bb4 Re6 32. Rc1 Nf6 33. Rc7 Kg7 34. Bc3 g5 35. Rxb7 Kg6 36. Bxf6 Kxf6 37. Rxa7 Rxe7 38. Rxe7 Kxe7 39. Kc2 f5 40. Kd3 Ke6 41. Kd4 Kd6 42. a4 1-0

[Event "Wch U16 Girls"]
[Site "Al Ain"]
[Date "2013.12.21"]
[Round "5"]
[White "Monnisha, GK."]
[Black "Franca, Veronika"]
[Result "1-0"]
[WhiteElo "2180"]
[BlackElo "1965"]
[PlyCount "77"]
[EventDate "2013.12.18"]
[EventType "swiss"]
[EventRounds "11"]
[EventCountry "UAE"]
[SourceTitle "CBM 158 Extra"]
[Source "ChessBase"]
[SourceDate "2014.02.28"]
[SourceVersion "1"]
[SourceVersionDate "2014.02.28"]
[SourceQuality "1"]

1. e4 c5 2. Nf3 d6 3. d4 cxd4 4. Nxd4 Nf6 5. Nc3 g6 6. Be3 Bg7 7. f3 Nc6 8. Qd2 0-0 9. g4 Qa5 10. Nb3 Qc7 11. 0-0-0 Be6 12. h4 Ne5 13. Be2 Nc4 14. Bxc4 Qxc4 15. Bh6 b5 16. Bxg7 Kxg7 17. Kb1 b4 18. Ne2 a5 19. Nf4 a4 20. Nxe6+ fxe6 21. Nd4 e5 22. Ne2 Rac8 23. b3 Qa6 24. h5 Kf7 25. Ng3 axb3 26. cxb3 Rc3 27. hxg6+ hxg6 28. g5 Ra8 29. gxf6 Rxb3+ 30. Ka1 Rxf3 31. Qd5+ e6 32. Rh7+ Kxf6 33. Nh5+ gxh5 34. Rh6+ Kg5 35. Rg1+ Kh4 36. Rh1+ Kg3 37. Rg6+ Kf4 38. Qd2+ Re3 39. Rh4+ 1-0

[Event "EU-ch U16 Girls 23rd"]
[Site "Budva"]
[Date "2013.09.30"]
[Round "2"]
[White "Franca, Veronika"]
[Black "Rodsmoen, Maud"]
[Result "1/2-1/2"]
[WhiteElo "1944"]
[BlackElo "1755"]
[PlyCount "96"]
[EventDate "2013.09.29"]
[EventType "swiss"]
[EventRounds "9"]
[EventCountry "MNE"]
[SourceTitle "EXT 2014"]
[Source "ChessBase"]
[SourceDate "2013.11.20"]
[SourceVersion "1"]
[SourceVersionDate "2013.11.20"]
[SourceQuality "1"]

1. d4 d5 2. c4 e6 3. cxd5 exd5 4. Nc3 Nf6 5. Bg5 Be7 6. e3 0-0 7. Bd3 Nc6 8. Bxf6 Bxf6 9. Qh5 g6 10. Qxd5 Nb4 11. Qc4 Nxd3+ 12. Qxd3 Bg7 13. Nge2 Qg5 14. 0-0 Rd8 15. Rac1 b6 16. Qb5 Qxb5 17. Nxb5 Ba6 18. a4 c5 19. dxc5 Bxb5 20. axb5 bxc5 21. Rxc5 Rd2 22. Ng3 Rxb2 23. Rfc1 Bf8 24. Rd5 Rb8 25. Ra1 Rb7 26. h3 R7xb5 27. Rxb5 Rxb5 28. Rxa7 Rb1+ 29. Nf1 Kg7 30. g4 Bd6 31. Kg2 Rb2 32. Rd7 Bb4 33. Rb7 Bc3 34. Rxb2 Bxb2 35. e4 Bc1 36. Ng3 Kf6 37. Ne2 Bd2 38. f4 g5 39. Kf3 gxf4 40. Nxf4 Kg5 41. Ng2 f6 42. h4+ Kg6 43. Nf4+ Kg7 44. Ne6+ Kg6 45. Ke2 Bc1 46. h5+ Kf7 47. Nd4 Ke7 48. Nf5+ Ke6 1/2-1/2

[Event "Trieste op 15th"]
[Site "Trieste"]
[Date "2013.09.06"]
[Round "8"]
[White "Plenca, Jadranko"]
[Black "Franca, Veronika"]
[Result "1-0"]
[WhiteElo "2138"]
[BlackElo "1927"]
[PlyCount "111"]
[EventDate "2013.08.31"]
[EventType "swiss"]
[EventRounds "9"]
[EventCountry "ITA"]
[SourceTitle "CBM 156 Extra"]
[Source "ChessBase"]
[SourceDate "2013.10.22"]
[SourceVersion "1"]
[SourceVersionDate "2013.10.22"]
[SourceQuality "1"]

1. e4 c5 2. Nf3 d6 3. Bb5+ Bd7 4. Bxd7+ Qxd7 5. c4 Nf6 6. Nc3 g6 7. d4 cxd4 8. Nxd4 Bg7 9. h3 Nc6 10. Be3 Rc8 11. b3 0-0 12. 0-0 Rfd8 13. Rc1 e6 14. Qf3 Qe7 15. Rfd1 Rd7 16. Nxc6 bxc6 17. Rc2 Ne8 18. Na4 Qf6 19. Qe2 Rcd8 20. Rcd2 Qe7 21. f3 Bf6 22. Rd3 Ng7 23. Qd2 Ne8 24. b4 Rb7 25. a3 Ra8 26. Bf4 e5 27. Be3 Rd7 28. c5 Rad8 29. Qf2 Ng7 30. Kh2 d5 31. exd5 Rxd5 32. Qc2 Nf5 33. Bf2 Qc7 34. Kh1 Nd4 35. Qc4 R5d7 36. Nc3 Ne6 37. Ne4 Bg7 38. Rd6 h6 39. a4 Kh8 40. b5 cxb5 41. axb5 Nd4 42. Rxd7 Rxd7 43. c6 Rd8 44. Nc5 Qe7 45. Na6 Nxc6 46. Rxd8+ Nxd8 47. Nc7 f5 48. Bxa7 e4 49. fxe4 fxe4 50. Be3 Qh4 51. b6 Qe1+ 52. Bg1 e3 53. Qd3 e2 54. Qxd8+ Kh7 55. Qe7 Qf1 56. Ne8 1-0

[Event "EU-chT U18 Girls"]
[Site "Maribor"]
[Date "2013.07.08"]
[Round "3"]
[White "Franca, Veronika"]
[Black "Iwanow, Anna"]
[Result "0-1"]
[WhiteElo "1940"]
[BlackElo "2227"]
[PlyCount "62"]
[EventDate "2013.07.06"]
[EventType "team-tourn"]
[EventRounds "7"]
[EventCountry "SLO"]
[SourceTitle "CBM 155 Extra"]
[Source "ChessBase"]
[SourceDate "2013.08.26"]
[SourceVersion "1"]
[SourceVersionDate "2013.08.26"]
[SourceQuality "1"]
[WhiteTeam "Slovenia U18 Girls"]
[BlackTeam "Poland U18 Girls"]
[WhiteTeamCountry "SLO"]
[BlackTeamCountry "POL"]

1. d4 Nf6 2. c4 g6 3. Nc3 d5 4. Nf3 Bg7 5. Bg5 Ne4 6. cxd5 Nxg5 7. Nxg5 0-0 8. Nf3 c6 9. dxc6 Nxc6 10. e3 e5 11. dxe5 Nxe5 12. Nxe5 Bxe5 13. Qxd8 Rxd8 14. Be2 Be6 15. a3 Rac8 16. Rc1 Rd6 17. Rc2 Rb6 18. 0-0 Bf5 19. Rd2 Bxc3 20. bxc3 Rxc3 21. g4 Be4 22. Rd4 Bc6 23. Ra1 Rbb3 24. a4 Ra3 25. Rxa3 Rxa3 26. Bd1 Ra1 27. Kf1 Bf3 28. Ke1 b6 29. Rd8+ Kg7 30. g5 a6 31. h4 b5 0-1

[Event "EU-chT U18 Girls"]
[Site "Maribor"]
[Date "2013.07.07"]
[Round "2"]
[White "Hoare, Amy B"]
[Black "Franca, Veronika"]
[Result "1-0"]
[WhiteElo "1873"]
[BlackElo "1940"]
[PlyCount "59"]
[EventDate "2013.07.06"]
[EventType "team-tourn"]
[EventRounds "7"]
[EventCountry "SLO"]
[SourceTitle "CBM 155 Extra"]
[Source "ChessBase"]
[SourceDate "2013.08.26"]
[SourceVersion "1"]
[SourceVersionDate "2013.08.26"]
[SourceQuality "1"]
[WhiteTeam "England U18 Girls"]
[BlackTeam "Slovenia U18 Girls"]
[WhiteTeamCountry "ENG"]
[BlackTeamCountry "SLO"]

1. e4 c5 2. c3 d5 3. exd5 Qxd5 4. d4 Nf6 5. Nf3 e6 6. a3 Nc6 7. Be3 cxd4 8. cxd4 Be7 9. Bd3 0-0 10. Nc3 Qd6 11. 0-0 b6 12. Qe2 Bb7 13. Rad1 Rac8 14. Bg5 Rfd8 15. Rfe1 h6 16. Bh4 Qb8 17. Bb1 Nd5 18. Qe4 g6 19. Nxd5 exd5 20. Qg4 h5 21. Qh3 Qd6 22. Bxg6 fxg6 23. Re6 Qd7 24. Bxe7 Nxe7 25. Ne5 Qa4 26. Re1 Rc7 27. Nxg6 Bc8 28. Qxh5 Bxe6 29. Qh8+ Kf7 30. Ne5# 1-0

[Event "SLO-ch U16 Girls"]
[Site "Murska Sobota"]
[Date "2013.03.01"]
[Round "9"]
[White "Franca, Veronika"]
[Black "Janzelj, Lara"]
[Result "1-0"]
[WhiteElo "1948"]
[BlackElo "1763"]
[PlyCount "95"]
[EventDate "2013.02.23"]
[EventType "tourn"]
[EventRounds "9"]
[EventCountry "SLO"]
[SourceTitle "EXT 2022"]
[Source "ChessBase"]
[SourceDate "2021.10.06"]
[SourceVersion "1"]
[SourceVersionDate "2021.10.06"]
[SourceQuality "1"]

1. d4 Nf6 2. c4 d6 3. Nf3 c6 4. Nc3 Nbd7 5. e4 e5 6. Be2 Be7 7. 0-0 0-0 8. h3 Qc7 9. Be3 Re8 10. Qc2 Nf8 11. Rfd1 Ng6 12. d5 c5 13. b4 cxb4 14. Nb5 Qb8 15. c5 dxc5 16. d6 Bd8 17. Bxc5 a6 18. d7 Bxd7 19. Nd6 Rf8 20. Bc4 Be6 21. Bxe6 fxe6 22. Ng5 Nf4 23. Nxe6 Nxe6 24. Qb3 Kh8 25. Qxe6 Qc7 26. Bxb4 a5 27. Ba3 Qe7 28. Qb3 a4 29. Qxb7 Qxb7 30. Nxb7 Re8 31. Nd6 Rf8 32. f3 Be7 33. Bb2 Rad8 34. Bxe5 Bxd6 35. Rxd6 Rxd6 36. Bxd6 Rc8 37. Rb1 Kg8 38. Rb8 Rxb8 39. Bxb8 Kf7 40. Kf2 Ke6 41. Ke3 g5 42. g3 h5 43. f4 gxf4+ 44. gxf4 h4 45. f5+ Ke7 46. Kf4 Nd7 47. Ba7 Kf6 48. e5+ 1-0

[Event "SLO-ch U16 Girls"]
[Site "Murska Sobota"]
[Date "2013.02.26"]
[Round "5"]
[White "Franca, Veronika"]
[Black "Vidic, Teja"]
[Result "1/2-1/2"]
[WhiteElo "1948"]
[BlackElo "1840"]
[PlyCount "40"]
[EventDate "2013.02.23"]
[EventType "tourn"]
[EventRounds "9"]
[EventCountry "SLO"]
[SourceTitle "EXT 2022"]
[Source "ChessBase"]
[SourceDate "2021.10.06"]
[SourceVersion "1"]
[SourceVersionDate "2021.10.06"]
[SourceQuality "1"]

1. d4 d5 2. c4 c6 3. Nc3 Nf6 4. Nf3 e6 5. e3 Nbd7 6. Bd3 dxc4 7. Bxc4 b5 8. Bd3 Bb7 9. 0-0 a6 10. Qe2 c5 11. a3 Qc7 12. e4 cxd4 13. Nxd4 Bd6 14. h3 h6 15. Rd1 Bc5 16. Be3 Bxd4 17. Bxd4 e5 18. Be3 0-0 19. Rac1 Qd8 20. Bb1 Rc8 1/2-1/2

[Event "SLO-ch U16 Girls"]
[Site "Murska Sobota"]
[Date "2013.02.23"]
[Round "1"]
[White "Petauer, Eva"]
[Black "Franca, Veronika"]
[Result "0-1"]
[WhiteElo "1568"]
[BlackElo "1948"]
[PlyCount "84"]
[EventDate "2013.02.23"]
[EventType "tourn"]
[EventRounds "9"]
[EventCountry "SLO"]
[SourceTitle "EXT 2022"]
[Source "ChessBase"]
[SourceDate "2021.10.06"]
[SourceVersion "1"]
[SourceVersionDate "2021.10.06"]
[SourceQuality "1"]

1. e4 c5 2. Nf3 d6 3. Bb5+ Bd7 4. Bxd7+ Qxd7 5. 0-0 Nc6 6. c3 Nf6 7. d4 cxd4 8. cxd4 Nxe4 9. d5 Nb8 10. Re1 Nf6 11. Bg5 h6 12. Bxf6 gxf6 13. Nc3 Bg7 14. Qe2 Na6 15. Nd4 Kf8 16. Qh5 Nc7 17. Nf5 e6 18. Nxg7 Kxg7 19. dxe6 fxe6 20. Re3 Qf7 21. Qh4 d5 22. Rg3+ Kh7 23. Ne2 e5 24. f4 Rhg8 25. Rh3 Qg6 26. Rg3 Qf5 27. fxe5 Qxe5 28. Rxg8 Rxg8 29. Nd4 Qe4 30. Qf2 Rg4 31. Rc1 Rxg2+ 32. Qxg2 Qe3+ 33. Qf2 Qxc1+ 34. Qf1 Qxf1+ 35. Kxf1 Kg6 36. Kf2 f5 37. Kg3 Kf6 38. Nf3 Ne6 39. Kf2 f4 40. Ke2 Kf5 41. h3 Ng5 42. Nd4+ Ke4 0-1